[Event "Tourn. n8145"]
[Site "www.chess-mail.com"]
[Date "2015.07.20"]
[Round "1"]
[White "Difficult"]
[Black "Falcoale"]
[WhiteElo "2040"]
[BlackElo "2000"]
[Result "0-1"]
[Round "1"]
1.c4 Ng8f6
2.Nb1c3 e6
3.d4 b6
4.Ng1f3 Bc8b7
5.Bc1g5 h6
6.Bg5h4 Bf8e7
7.e3 O-O
8.Bf1e2 d5
9.O-O Nb8d7
10.cxd5 Nf6xd5
11.Bh4xe7 Nd5xe7
12.Be2b5 a6
13.Bb5xd7 Qd8xd7
14.Ra1c1 Ra8d8
15.Nf3e5 Qd7d6
16.Qd1c2 Ne7f5
17.Rf1d1 Qd6e7
18.Qc2e2 Nf5h4
19.f3 f6
20.Ne5g4 Nh4g6
21.Ng4f2 Qe7f7
22.e4 e5
 { time }
0-1

[Event "Tourn. n8256"]
[Site "www.chess-mail.com"]
[Date "2015.07.20"]
[Round "1"]
[White "Falcoale"]
[Black "Bojan"]
[WhiteElo "1850"]
[BlackElo "1890"]
[Result "1-0"]
[Round "1"]
1.e4 e5
2.Ng1f3 d6
3.Bf1c4 h6
4.Nb1c3 c6
5.h3 f5
6.O-O f4
7.d3 Ng8f6
8.Nf3h2 g6
9.d4 Qd8e7
10.dxe5 dxe5
11.Qd1e2 Nb8d7
12.Nh2g4 Nf6xg4
13.Qe2xg4 g5
14.Qg4h5 Kd8
15.Rf1d1 Kc7
16.b3 Nd7f6
17.Qh5e2 Bc8d7
18.a4 Bd7e8
19.Bc1a3 Qe7h7
20.f3 Be8f7
21.Qe2d2 Bf8xa3
22.Ra1xa3 Ra8d8
23.Qd2f2 Bf7xc4
24.bxc4 Rd8xd1
25.Nc3xd1 Qh7e7
26.Ra3a1 b6
27.Nd1c3 Nf6d7
28.a5 Kb7
29.axb6 axb6
30.Nc3a4 Qe7b4
31.Kh2 Rh8a8
32.c3 Qb4xc4
33.Qf2c2 Kc7
34.Qc2d1 Ra8d8
35.Qd1c1 b5
36.Na4b2 Qc4c5
37.Nb2d3 Qc5e7
38.Nd3b4 Rd8c8
39.Qc1a3 Kd8
40.Qa3a6 Qe7c5
41.Ra1c1 Nd7b6
42.Qa6b7 Ke8
43.Qb7g7 Qc5d6
44.Qg7g8 Kd7
45.Qg8g7 Qd6e7
46.Qg7xh6 Nb6c4
47.Rc1d1 Nc4d6
48.Nb4a6 c5
49.Qh6h5 Kc6
50.Rd1d5 Kb6
51.Qh5g6 Rc8d8
52.Na6xc5 Kc7
53.Nc5e6 Kc6
54.Ne6xd8 Kc7
55.Nd8e6 Kd7
56.Ne6xg5 Kc7
57.Qg6h7 Qe7xh7
58.Ng5xh7 Kc6
59.h4 { resign }
1-0

[Event "Tourn. n8217"]
[Site "www.chess-mail.com"]
[Date "2015.07.20"]
[Round "1"]
[White "Gambitchess"]
[Black "Guidom"]
[WhiteElo "1850"]
[BlackElo "2060"]
[Result "0-1"]
[Round "1"]
1.d4 d5
2.Bc1f4 c6
3.c3 Bc8f5
4.Qd1b3 Qd8b6
5.Nb1d2 Ng8f6
6.e3 e6
7.Ng1f3 Nb8d7
8.Bf1e2 Bf8e7
9.Qb3xb6 { time. }
0-1

[Event "Tourn. n8256"]
[Site "www.chess-mail.com"]
[Date "2015.07.20"]
[Round "1"]
[White "Odin"]
[Black "Guidom"]
[WhiteElo "1890"]
[BlackElo "2070"]
[Result "0-1"]
[Round "1"]
1.e4 e5
2.d3 Bf8c5
3.Ng1f3 d6
4.Nb1d2 Ng8f6
5.h3 O-O
6.Bf1e2 Bc8e6
7.O-O Qd8d7
8.a3 Nb8c6
9.b4 Bc5b6
10.c4 Nc6d4
11.Nf3xd4 Bb6xd4
12.Ra1a2 b5
13.Nd2f3 c5
14.Bc1g5 Nf6e8
15.Nf3xd4 cxd4
16.f4 f6
17.Bg5h4 a5
18.f5 Be6f7
19.Ra2b2 bxc4
20.dxc4 axb4
21.axb4 Ra8a3
22.b5 { time. }
0-1

[Event "Tourn. n8223"]
[Site "www.chess-mail.com"]
[Date "2015.07.20"]
[Round "1"]
[White "Johnmcbride"]
[Black "Xkafi"]
[WhiteElo "1820"]
[BlackElo "1950"]
[Result "0-1"]
[Round "1"]
1.e4 e5
2.d3 Bf8c5
3.c3 h6
4.Qd1c2 Qd8f6
5.Ng1f3 g5
6.h3 Nb8c6
7.b4 Bc5b6
8.Bf1e2 d6
9.O-O Ng8e7
10.a4 a6
11.a5 Bb6a7
12.Nb1a3 g4
13.hxg4 Bc8xg4
14.Nf3h2 Bg4e6
15.Be2g4 Rh8g8
16.Bg4xe6 Qf6xe6
17.Bc1xh6 Qe6h3
18.g3 Rg8xg3
19.Kh1 Qh3g2

0-1

[Event "Tourn. n8243"]
[Site "www.chess-mail.com"]
[Date "2015.07.20"]
[Round "1"]
[White "Anja"]
[Black "Scasan55"]
[WhiteElo "1840"]
[BlackElo "1930"]
[Result "0-1"]
[Round "1"]
1.d4 Ng8f6
2.Ng1f3 e6
3.Bc1f4 d5
4.e3 c5
5.c3 c4
6.Bf1e2 Nb8c6
7.O-O Bf8e7
8.Nb1d2 O-O
9.Nf3e5 Nc6xe5
10.dxe5 Nf6d7
11.Nd2f3 b6
 { time }
0-1

[Event "Tourn. n8221"]
[Site "www.chess-mail.com"]
[Date "2015.07.20"]
[Round "1"]
[White "Francesco"]
[Black "Eusegon"]
[WhiteElo "2080"]
[BlackElo "2050"]
[Result "0-1"]
[Round "1"]
1.e4 e6
2.d4 d5
3.exd5 exd5
4.Bf1d3 c5
5.c3 Nb8c6
6.Ng1f3 Bc8g4
7.dxc5 Bf8xc5
8.O-O Ng8e7
9.Rf1e1 O-O
10.Bc1g5 f6
11.Bg5h4 Ne7f5
12.Qd1c2 g6
13.Nb1d2 Nf5xh4
14.Nf3xh4 Nc6e5
15.h3 Ne5xd3
16.Qc2xd3 Bg4h5
17.g4 g5
18.gxh5 gxh4
19.Nd2b3 Bc5b6
20.Ra1d1 Qd8c8
21.Qd3xd5 Kh8
22.Qd5d7 Qc8c4
23.Re1e7 Qc4g8
24.Kh1 Ra8d8
25.Qd7g4 Qg8xg4
26.Rd1xd8 Qg4xh3
27.Kg1 Rf8xd8
{ resign }
0-1

[Event "Tourn. n8237"]
[Site "www.chess-mail.com"]
[Date "2015.07.20"]
[Round "1"]
[White "Passaroa25"]
[Black "Easychess"]
[WhiteElo "1550"]
[BlackElo "1480"]
[Result "1-0"]
[Round "1"]
1.e4 c5
2.Ng1e2 Nb8c6
3.c3 d5
4.Ne2g3 dxe4
5.Ng3xe4 e5
6.d3 Bf8e7
7.Bc1e3 b6
8.Nb1a3  { time }
1-0

[Event "Tourn. n8239"]
[Site "www.chess-mail.com"]
[Date "2015.07.20"]
[Round "1"]
[White "Averoes"]
[Black "Colchester"]
[WhiteElo "2180"]
[BlackElo "2040"]
[Result "1-0"]
[Round "1"]
1.d4 d5
2.c4 dxc4
3.Ng1f3 Ng8f6
4.e3 e6
5.Bf1xc4 c5
6.O-O a6
7.b3 cxd4
8.exd4 Bf8e7
{ time. }
1-0

[Event "Tourn. n8257"]
[Site "www.chess-mail.com"]
[Date "2015.07.20"]
[Round "1"]
[White "Averoes"]
[Black "Guidom"]
[WhiteElo "2180"]
[BlackElo "2070"]
[Result "1/2-1/2"]
[Round "1"]
1.d4 d5
2.c4 Ng8f6
3.cxd5 Qd8xd5
4.Nb1c3 Qd5a5
5.Ng1f3 c6
6.Nf3e5 e6
7.Ne5c4 Qa5d8
8.e4 Bf8b4
9.e5 Nf6d5
10.Bc1d2 Nd5xc3
11.bxc3 Bb4e7
12.Bf1d3 Nb8d7
13.Qd1g4 g6
14.O-O Nd7b6
15.Nc4xb6 axb6
16.Bd2h6 Ra8a3
17.Rf1c1 b5
18.Qg4h3 Be7g5
19.f4 Bg5xh6
20.Qh3xh6 Qd8e7
21.g4 Qe7f8
22.Qh6g5 h5
23.f5 exf5
24.gxf5 gxf5
25.Kh1 Qf8e7
26.Qg5g7 Qe7f8
27.Qg7f6 Rh8h6
28.Qf6g5 b4
29.Bd3xf5 Bc8xf5
30.Qg5xf5 Rh6e6
31.c4 Ra3e3
32.Rc1e1 Re3xe1
33.Ra1xe1 Qf8e7
34.d5 Re6g6
35.Qf5xh5 Qe7c5
36.e6 Qc5f2
37.exf7 Kxf7
38.Qh5e2 Qf2xe2
39.Re1xe2 cxd5
40.cxd5 Rg6d6
41.Re2e5 b5
42.Kg2 Kf6
43.Re5e4 Rd6xd5
44.Re4xb4 Rd5d2
45.Kg3 Rd2xa2
46.Rb4xb5 { draw }
1/2-1/2

[Event "Tourn. n8194"]
[Site "www.chess-mail.com"]
[Date "2015.07.20"]
[Round "1"]
[White "Louis"]
[Black "Powerchess"]
[WhiteElo "1690"]
[BlackElo "1460"]
[Result "1-0"]
[Round "1"]
1.e4 c5
2.Ng1f3 Nb8c6
3.d4 cxd4
4.Nf3xd4 g6
5.Nd4xc6 bxc6
6.Nb1c3 Bf8g7
7.Bf1c4 d6
8.O-O Ng8f6
9.Rf1e1 O-O
10.h3 Qd8c7
11.Bc1f4 Bc8b7
12.Bc4b3 d5
{ time. }
1-0

[Event "Tourn. n8194"]
[Site "www.chess-mail.com"]
[Date "2015.07.20"]
[Round "1"]
[White "Powerchess"]
[Black "Anja"]
[WhiteElo "1460"]
[BlackElo "1680"]
[Result "0-1"]
[Round "1"]
1.b3 e5
2.Bc1b2 Nb8c6
3.e3 d5
4.Bf1b5 Bf8d6
5.f4 f6
6.Ng1e2 Bc8g4
7.Bb5xc6 bxc6
8.fxe5 fxe5
9.O-O Ng8f6
10.Qd1e1 O-O
11.Nb1c3 c5
12.Qe1g3 d4
{ resign }
0-1

[Event "Tourn. n8239"]
[Site "www.chess-mail.com"]
[Date "2015.07.20"]
[Round "1"]
[White "Averoes"]
[Black "Cristiano"]
[WhiteElo "2180"]
[BlackElo "2150"]
[Result "1/2-1/2"]
[Round "1"]
1.d4 Ng8f6
2.c4 g6
3.Nb1c3 Bf8g7
4.e4 d6
5.Bf1e2 Nb8d7
6.Ng1f3 a6
7.O-O O-O
8.Rf1e1 e5
9.Be2f1 c5
10.d5 Nd7b6
11.h3 Nf6e8
12.a4 Ra8b8
13.a5 Nb6a8
14.g3 f5
15.Nf3g5 f4
16.Ng5e6 Bc8xe6
17.dxe6 Ne8f6
18.Nc3d5 Nf6xd5
19.exd5 fxg3
20.fxg3 Qd8f6
21.Qd1e2 Rb8e8
22.Bf1g2 Na8c7
23.Re1f1 Qf6e7
24.Bc1d2 Rf8xf1
25.Ra1xf1 Re8f8
26.b4 Rf8xf1
27.Kxf1 Qe7f6
28.Ke1 Qf6f5
29.bxc5 dxc5
30.g4 Qf5b1
31.Kf2 Qb1b2
32.Bd2g5 Qb2d4
33.Kg3 Qd4c3
34.Kh2 e4
35.Bg2xe4 Bg7e5
36.Kg2 Qc3g3
37.Kf1 Qg3xh3
38.Ke1 Qh3c3
39.Bg5d2 Qc3a1
40.Qe2d1 Be5g3
41.Ke2 Qa1d4
42.Qd1b1 Qd4f2
43.Kd3 Qf2d4
44.Ke2 Qd4f2
45.Kd3 Qf2d4
46.Ke2 Qd4f2
47.Kd3 Qf2d4
48.Ke2 Qd4f2
49.Kd3 { draw }
1/2-1/2

[Event "Tourn. n8239"]
[Site "www.chess-mail.com"]
[Date "2015.07.20"]
[Round "1"]
[White "Colchester"]
[Black "Cristiano"]
[WhiteElo "2040"]
[BlackElo "2150"]
[Result "0-1"]
[Round "1"]
1.d4 Ng8f6
2.c4 g6
3.g3 Bf8g7
4.Bf1g2 c6
5.e4 d6
6.Nb1c3 O-O
7.Ng1e2 e5
8.dxe5 { time. }
0-1

[Event "Tourn. n8246"]
[Site "www.chess-mail.com"]
[Date "2015.07.20"]
[Round "1"]
[White "Mknittel"]
[Black "Gatoss"]
[WhiteElo "1809"]
[BlackElo "1940"]
[Result "0-1"]
[Round "1"]
1.d4 Ng8f6
2.c4 e6
3.Ng1f3 Bf8b4
4.Nb1d2 d5
5.Qd1a4 Nb8c6
6.a3 Bb4xd2
7.Bc1xd2 Bc8d7
8.Qa4c2 h6
9.e3 b6
 { time }
0-1

[Event "Tourn. n8192"]
[Site "www.chess-mail.com"]
[Date "2015.07.20"]
[Round "1"]
[White "Biagio"]
[Black "Antuan72"]
[WhiteElo "1990"]
[BlackElo "2020"]
[Result "1-0"]
[Round "1"]
1.e4 c5
2.d4 cxd4
3.c3 e6
4.cxd4 Nb8c6
5.Ng1f3 d6
6.Nb1c3 Ng8f6
7.Bf1d3 Bf8e7
8.O-O O-O
9.a3 a6
10.e5 dxe5
11.dxe5 Nf6d5
12.Qd1c2 g6
13.Bc1h6 Rf8e8
14.Nc3e4 f6
15.exf6 Nd5xf6
16.Ne4xf6 Be7xf6
17.Ra1d1 Qd8e7
18.Bh6e3 Bc8d7
19.Rf1e1 Ra8c8
20.Qc2b3 b5
21.Be3d2 Qe7g7
{ time. }
1-0

[Event "Tourn. n8219"]
[Site "www.chess-mail.com"]
[Date "2015.07.20"]
[Round "1"]
[White "Obisporey"]
[Black "Sonivano"]
[WhiteElo "2580"]
[BlackElo "2320"]
[Result "1-0"]
[Round "1"]
1.e4 e5
2.Ng1f3 Nb8c6
3.Bf1b5 Nc6d4
4.Nf3xd4 exd4
5.Bb5c4 Ng8f6
6.O-O c6
7.Rf1e1 d6
8.c3 dxc3
9.Nb1xc3 Bf8e7
10.d4 O-O
11.Bc1f4 Rf8e8
12.e5 dxe5
13.dxe5 Nf6d7
14.Qd1f3 Nd7c5
15.Ra1d1 Qd8a5
16.Bc4xf7 Kxf7
17.Qf3h5 Kf8
18.e6 { resign }
1-0

[Event "Tourn. n8135"]
[Site "www.chess-mail.com"]
[Date "2015.07.20"]
[Round "1"]
[White "Difficult"]
[Black "Sontuozio"]
[WhiteElo "2120"]
[BlackElo "2120"]
[Result "1/2-1/2"]
[Round "1"]
1.d4 d5
2.c4 c6
3.cxd5 cxd5
4.Nb1c3 e6
5.e4 dxe4
6.Nc3xe4 Nb8d7
7.Ng1f3 Ng8f6
8.Ne4xf6 Nd7xf6
9.Bf1b5 Bc8d7
10.Bb5xd7 Qd8xd7
11.O-O Bf8d6
12.Bc1g5 Nf6e4
13.Bg5e3 O-O
14.Nf3e5 Qd7b5
15.f3 Ne4f6
16.Ne5d3 Ra8c8
17.Qd1d2 Rc8c7
18.Ra1c1 Rf8c8
19.Rc1xc7 Rc8xc7
20.Rf1c1 Rc7xc1
21.Nd3xc1 Nf6d5
22.Nc1b3 h6
23.Kf2 f5
24.g3 g5
25.Qd2e2 Qb5xe2
26.Kxe2 Nd5xe3
27.Kxe3 f4
28.Kf2 Kf7
29.g4 b6
30.Ke2 Ke7
31.Kd3 Kd7
32.Ke4 { draw }
1/2-1/2

[Event "Tourn. n8136"]
[Site "www.chess-mail.com"]
[Date "2015.07.20"]
[Round "1"]
[White "Tartan"]
[Black "Aperturaf"]
[WhiteElo "2390"]
[BlackElo "2450"]
[Result "1/2-1/2"]
[Round "1"]
1.e4 e6
2.d4 d5
3.Nb1d2 c5
4.exd5 exd5
5.Bf1b5 Bc8d7
6.Qd1e2 Bf8e7
7.dxc5 Ng8f6
8.Nd2b3 O-O
9.Bc1e3 Rf8e8
10.Ng1f3 a6
11.Bb5d3 Bd7a4
12.Nf3d4 Nb8d7
13.O-O Nd7xc5
14.Nb3xc5 Be7xc5
15.c3 Ba4d7
16.Qe2d2 Qd8c7
17.Be3f4 Qc7b6
18.Rf1e1 Nf6e4
19.Bd3xe4 dxe4
20.Nd4b3 Bd7b5
21.Nb3xc5 Qb6xc5
22.Ra1d1 Bb5d3
23.b3 Ra8d8
24.c4 f6
25.a4 Rd8c8
26.Qd2a2 a5
27.Qa2b2 b6
28.Qb2c3 h6
29.Rd1d2 Qc5c6
30.Bf4e3 Rc8d8
31.Re1d1 { draw }
1/2-1/2

[Event "Tourn. n8211"]
[Site "www.chess-mail.com"]
[Date "2015.07.20"]
[Round "1"]
[White "Neo"]
[Black "Inez"]
[WhiteElo "1700"]
[BlackElo "1570"]
[Result "1-0"]
[Round "1"]
1.d4 d6
2.e3 e5
3.dxe5 dxe5
4.b3 Qd8xd1
5.Kxd1 Ng8f6
6.Bc1b2 Nf6e4
7.Ke1 Bf8b4
8.c3 Bb4d6
9.Bf1c4  { time }
1-0

[Event "Tourn. n8229"]
[Site "www.chess-mail.com"]
[Date "2015.07.20"]
[Round "1"]
[White "Bigoak"]
[Black "Orhany24"]
[WhiteElo "1910"]
[BlackElo "1930"]
[Result "0-1"]
[Round "1"]
1.e4 e5
2.Ng1f3 Nb8c6
3.Bf1c4 Ng8f6
4.Nb1c3 Bf8e7
5.O-O d6
6.d3 h6
7.Bc1e3 O-O
8.Qd1d2 Nf6g4
9.Nc3d5 Ng4xe3
10.Qd2xe3 Kh8
11.c3 f5
12.Ra1d1 f4
13.Qe3e2 Bc8g4
14.b4 a6
15.a4 Be7h4
16.b5 axb5
17.axb5 Nc6b8
18.Rd1a1 Ra8xa1
19.Rf1xa1 Nb8d7
20.d4 c6
21.bxc6 bxc6
22.Nd5b4 c5
23.dxc5 Nd7xc5
24.Nb4d5 Bh4e7
25.Ra1a7 Be7f6
26.h3 Bg4h5
27.g4 fxg3
28.fxg3 Bf6g5
29.g4 Bh5g6
30.Bc4d3 Nc5xd3
31.Qe2xd3 Qd8b8
32.Ra7d7 Qb8b2
33.Rd7a7 Rf8b8
34.Nd5b4 Bg5f4
35.Ra7a2 Qb2c1
36.Kg2 Bg6f7
37.Ra2c2 Qc1b1
38.Rc2e2 Qb1b3
39.Nf3d2 Qb3a3
40.Nd2c4 Qa3b3
41.Re2b2 Qb3xc4
42.Qd3xd6 Rb8c8
43.Nb4d5 Bf7xd5
44.Qd6xd5 Qc4xc3
45.Rb2e2 Qc3g3
{ resign }
0-1

[Event "Tourn. n8229"]
[Site "www.chess-mail.com"]
[Date "2015.07.20"]
[Round "1"]
[White "Hundegana"]
[Black "Bigoak"]
[WhiteElo "1930"]
[BlackElo "1910"]
[Result "0-1"]
[Round "1"]
1.e4 c6
2.d4 d5
3.e5 Bc8f5
4.Bf1d3 e6
5.Bd3xf5 exf5
6.Qd1f3 g6
7.Bc1d2 Bf8g7
8.h3 Ng8e7
9.Nb1c3 Qd8b6
10.Nc3a4 Qb6c7
11.Ng1e2 Nb8d7
12.g4 O-O
13.gxf5 Ne7xf5
14.c3 Ra8e8
15.h4 h5
16.b3 Qc7d8
17.Qf3h3 Qd8e7
18.f4 Kh7
19.O-O-O f6
20.Kb2 Rf8f7
21.Rd1g1 Nd7f8
22.Rg1g2 Nf5h6
23.Rh1g1 Nh6g4
24.Na4c5 b6
25.Nc5d3 c5
26.Nd3f2 f5
27.Nf2xg4 fxg4
28.Qh3h1 Nf8e6
29.Rg2g3 Bg7h6
30.Rg1f1 Re8f8
31.Qh1xd5 Ne6xf4
32.Ne2xf4 Rf7xf4
33.Bd2xf4 Bh6xf4
34.Rg3g1 Kg7
35.Rg1h1 Bf4g3
36.Rf1xf8 Kxf8
37.Rh1f1 Kg7
38.e6 Qe7xh4
39.Rf1f7 Kh6
40.dxc5 Qh4h2
41.Ka3 bxc5
42.e7 Qh2e2
43.Qd5xc5 Qe2a6
44.Kb2 Qa6e2
45.Kb1 Qe2d1
46.Kb2 Qd1d2
47.Ka3 Bg3d6
48.e8Q Bd6xc5
49.b4 Qd2xc3
50.Ka4 Qc3xb4
{ resign }
0-1

[Event "Tourn. n8214"]
[Site "www.chess-mail.com"]
[Date "2015.07.20"]
[Round "1"]
[White "Hundegana"]
[Black "Goga"]
[WhiteElo "1980"]
[BlackElo "1990"]
[Result "1/2-1/2"]
[Round "1"]
1.e4 c5
2.c4 Nb8c6
3.a3 Ng8f6
4.d3 g6
5.Bc1d2 Bf8g7
6.Bd2c3 O-O
7.Ng1f3 d6
8.h3 Rf8e8
9.Bf1e2 Bc8d7
10.O-O e5
11.Nf3h2 Qd8c8
12.Nb1d2 a6
13.Nh2g4 Nf6xg4
14.Be2xg4 Bd7xg4
15.Qd1xg4 Qc8xg4
16.hxg4 Bg7h6
17.Nd2f3 Ra8b8
18.g5 Bh6g7
19.g4 Nc6d4
20.Bc3xd4 cxd4
21.b4 b6
22.Rf1b1 Bg7f8
23.a4 Bf8e7
24.b5 a5
25.Kg2 Kg7
26.Rb1h1 Re8h8
27.Kg3 Rb8f8
28.Kg2 Be7d8
{ draw }
1/2-1/2

[Event "Tourn. n8156"]
[Site "www.chess-mail.com"]
[Date "2015.07.20"]
[Round "1"]
[White "Colchester"]
[Black "Duff"]
[WhiteElo "1940"]
[BlackElo "1850"]
[Result "0-1"]
[Round "1"]
1.c4 Ng8f6
2.Nb1c3 g6
3.g3 Bf8g7
4.Bf1g2 O-O
5.e4 d6
6.d4 e5
7.d5 c6
8.Ng1e2 Bc8g4
9.h3 Bg4xe2
10.Qd1xe2 Rf8e8
11.O-O Qd8c7
12.Bc1e3 Nb8d7
13.Ra1c1 Ra8c8
14.Rf1d1 Nd7b6
15.a4 cxd5
16.cxd5 Qc7d7
17.Be3xb6 axb6
18.Qe2e3 Qd7d8
19.Nc3b5 Rc8c5
20.b4 Rc5xc1
21.Rd1xc1 Re8e7
22.Qe3c3 Re7d7
23.Qc3c8 Bg7f8
24.Qc8xd8 Rd7xd8
25.Rc1c7 Rd8a8
26.Rc7xb7 Ra8xa4
27.Rb7xb6 Ra4xb4
28.Rb6b7 { time. }
0-1

[Event "Tourn. n8212"]
[Site "www.chess-mail.com"]
[Date "2015.07.20"]
[Round "1"]
[White "Farnation"]
[Black "Cl3537"]
[WhiteElo "1050"]
[BlackElo "1340"]
[Result "0-1"]
[Round "1"]
1.e4 e5
2.Ng1f3 Ng8f6
3.Nf3xe5 Nf6xe4
4.Bf1c4 Nb8c6
5.Ne5xf7 Qd8e7
6.Nf7xh8 d6
7.Qd1f3 Ne4c5
8.Qf3e2 Qe7xe2
9.Kxe2 Bc8f5
10.d4 Nc5e6
11.Bc4xe6 Bf5xe6
12.Nb1c3 Bf8e7
13.Nc3e4 d5
14.Ne4c5 { time. }
0-1

[Event "Tourn. n8211"]
[Site "www.chess-mail.com"]
[Date "2015.07.20"]
[Round "1"]
[White "Inez"]
[Black "Azulmarino"]
[WhiteElo "1570"]
[BlackElo "1550"]
[Result "0-1"]
[Round "1"]
1.e4 e5
2.Ng1f3 Nb8c6
3.Nb1c3 Bf8b4
4.Nc3d5 Ng8f6
5.Nd5xb4 Nc6xb4
6.c3 Nb4c6
7.d3 d6
8.Bf1e2 Bc8g4
9.h3 Bg4e6
 { time }
0-1

[Event "Tourn. n8146"]
[Site "www.chess-mail.com"]
[Date "2015.07.20"]
[Round "1"]
[White "Falcoale"]
[Black "Cardiff"]
[WhiteElo "2000"]
[BlackElo "1970"]
[Result "1-0"]
[Round "1"]
1.e4 c5
2.Ng1f3 Nb8c6
3.Nb1c3 d6
4.d4 cxd4
5.Nf3xd4 Bc8d7
6.Bc1e3 Ng8f6
7.Nd4b3 g6
8.Qd1d2 Bf8g7
9.O-O-O a6
10.Nc3d5 Nf6xd5
11.exd5 Nc6e5
12.h3 Ra8c8
13.Be3h6 O-O
14.Bh6xg7 Kxg7
15.Bf1e2 Qd8c7
16.c3 Bd7a4
17.Qd2d4 Ba4xb3
18.axb3 Qc7c5
19.f4 Qc5xd4
20.Rd1xd4 Ne5d7
21.Be2g4 Rc8c7
22.c4 Nd7f6
23.f5 b5
24.Rh1f1 Nf6xg4
25.Rd4xg4  { time }
1-0

[Event "Tourn. n8188"]
[Site "www.chess-mail.com"]
[Date "2015.07.20"]
[Round "1"]
[White "Colchester"]
[Black "Panham"]
[WhiteElo "2000"]
[BlackElo "2030"]
[Result "1/2-1/2"]
[Round "1"]
1.e4 c6
2.Nb1c3 d5
3.Ng1f3 dxe4
4.Nc3xe4 Nb8d7
5.d4 Ng8f6
6.Ne4xf6 Nd7xf6
7.Bf1c4 Nf6d5
8.O-O Bc8g4
9.c3 e6
10.Qd1d3 Bf8d6
11.Nf3e5 Bg4f5
12.Qd3e2 O-O
13.Rf1e1 Qd8c7
14.Bc4xd5 exd5
15.Bc1f4 Ra8e8
16.Qe2d2 f6
17.Ne5d3 Bf5xd3
18.Bf4xd6 Qc7xd6
19.Qd2xd3 Re8e6
20.Re1xe6 { draw }
1/2-1/2

[Event "Tourn. n8192"]
[Site "www.chess-mail.com"]
[Date "2015.07.20"]
[Round "1"]
[White "Genius7"]
[Black "Antuan72"]
[WhiteElo "1800"]
[BlackElo "2020"]
[Result "1-0"]
[Round "1"]
1.d4 Ng8f6
2.c4 e6
3.Ng1f3 d6
4.Nb1c3 Bf8e7
5.Bc1g5 h6
6.Bg5xf6 Be7xf6
7.e3 O-O
8.Bf1e2 Nb8c6
9.O-O a6
10.Ra1c1 Nc6e7
11.Nc3e4 Ne7g6
{ time. }
1-0

[Event "Tourn. n8243"]
[Site "www.chess-mail.com"]
[Date "2015.07.20"]
[Round "1"]
[White "Scasan55"]
[Black "Colchester"]
[WhiteElo "1930"]
[BlackElo "2040"]
[Result "1-0"]
[Round "1"]
1.e4 e5
2.Ng1f3 d6
3.h3 Ng8f6
4.Nb1c3 Nb8c6
5.Bf1b5 Bc8d7
6.d3 Bf8e7
7.O-O a6
8.Bb5xc6 Bd7xc6
{ time. }
1-0

[Event "Tourn. n8210"]
[Site "www.chess-mail.com"]
[Date "2015.07.20"]
[Round "1"]
[White "Faerieking"]
[Black "Colchester"]
[WhiteElo "2160"]
[BlackElo "2030"]
[Result "1-0"]
[Round "1"]
1.e4 e5
2.d4 exd4
3.Ng1f3 Nb8c6
4.Nf3xd4 Bf8c5
5.Nd4xc6 Qd8f6
6.Qd1d2 dxc6
7.Nb1c3 Bc8e6
8.Nc3a4 Bc5b6
9.Na4xb6 axb6
10.a3 Ra8d8
11.Bf1d3 Ng8e7
12.O-O c5
13.Qd2f4 Qf6xf4
14.Bc1xf4 Rd8c8
15.b3 Ne7g6
16.Bf4g3 O-O
{ time. }
1-0

[Event "Tourn. n8163"]
[Site "www.chess-mail.com"]
[Date "2015.07.20"]
[Round "1"]
[White "Cardiff"]
[Black "Francesco"]
[WhiteElo "2040"]
[BlackElo "2070"]
[Result "0-1"]
[Round "1"]
1.d4 d5
2.Nb1c3 c6
3.e4 dxe4
4.Nc3xe4 Bc8f5
5.Ne4g3 Bf5g6
6.Ng1f3 Nb8d7
7.h4 h6
8.Bf1d3 Bg6xd3
9.Qd1xd3 e6
10.Bc1f4 Ng8f6
11.O-O-O Bf8e7
12.Rd1e1 O-O
13.Ng3e4 a5
14.Ne4xf6 Nd7xf6
15.Nf3e5 Nf6d5
16.Bf4d2 Nd5b4
17.Bd2xb4 axb4
18.Kb1 Be7xh4
19.g3 Bh4f6
20.f4 Qd8a5
21.Qd3b3 Rf8d8
22.Re1d1 Ra8a7
 { time }
0-1

[Event "Tourn. n8173"]
[Site "www.chess-mail.com"]
[Date "2015.07.20"]
[Round "1"]
[White "Juantonio"]
[Black "4knights"]
[WhiteElo "1930"]
[BlackElo "1850"]
[Result "1-0"]
[Round "1"]
1.e4 e5
2.Ng1f3 Ng8f6
3.Nb1c3 Nb8c6
4.Bf1c4 Bf8c5
5.O-O O-O
6.d3 d6
7.Nc3a4 Bc5b6
8.Na4xb6 axb6
9.Bc1g5 Bc8g4
10.c3 h6
11.Bg5e3 Nc6a5
12.Qd1d2 Na5xc4
13.dxc4 Nf6xe4
14.Qd2d5 Ne4f6
15.Qd5xb7 Bg4xf3
16.Qb7xf3 Nf6d7
17.Qf3g4 Nd7f6
18.Qg4h4 Kh7
19.g4 Nf6e4
20.Qh4h5 f5
21.f3 Ne4f6
22.Qh5xf5 g6
23.Qf5d3 Qd8d7
24.h4 h5
25.g5 Nf6g8
26.Kh2 Ng8e7
27.Qd3e4 Ne7f5
28.Rf1f2 Nf5xh4
29.Qe4xh4 c5
30.f4 Rf8f5
31.Ra1f1 Ra8xa2
32.fxe5 dxe5
33.Qh4e4 { time. }
1-0

[Event "Tourn. n8220"]
[Site "www.chess-mail.com"]
[Date "2015.07.20"]
[Round "1"]
[White "Duff"]
[Black "Gegonz"]
[WhiteElo "1910"]
[BlackElo "1970"]
[Result "0-1"]
[Round "1"]
1.e4 c6
2.d4 d5
3.Nb1c3 dxe4
4.Nc3xe4 Bc8f5
5.Ne4g3 Bf5g6
6.Ng1f3 Nb8d7
7.h4 h6
8.h5 Bg6h7
9.Bf1d3 Bh7xd3
10.Qd1xd3 Ng8f6
11.O-O { time. }
0-1

[Event "Tourn. n8170"]
[Site "www.chess-mail.com"]
[Date "2015.07.20"]
[Round "1"]
[White "Tomasseeber"]
[Black "Cardiff"]
[WhiteElo "2170"]
[BlackElo "2040"]
[Result "1-0"]
[Round "1"]
1.Ng1f3 d5
2.h3 c5
3.d4 e6
4.Bc1f4 Nb8c6
5.e3 Ng8f6
6.Bf1e2 Bf8d6
7.Nf3e5 Bd6xe5
8.Bf4xe5 cxd4
9.Be5xd4 Nc6xd4
10.Qd1xd4 O-O
11.O-O Bc8d7
12.Nb1c3 a6
13.Rf1e1 Bd7c6
14.Ra1c1 Qd8c7
15.Nc3a4 Bc6xa4
16.Qd4xa4 b5
17.Qa4b4 Rf8d8
18.c3 Ra8c8
19.Rc1c2 Qc7c5
20.Re1c1 Qc5xb4
21.cxb4  { time }
1-0

[Event "Tourn. n8212"]
[Site "www.chess-mail.com"]
[Date "2015.07.20"]
[Round "1"]
[White "Farnation"]
[Black "Vogue"]
[WhiteElo "1050"]
[BlackElo "1399"]
[Result "0-1"]
[Round "1"]
1.e4 c6
2.d4 d5
3.exd5 cxd5
4.Qd1f3 Ng8f6
5.Bf1b5 Bc8d7
6.a4 Bd7xb5
7.axb5 b6
8.g4 e6
9.Bc1g5 a5
10.Ng1e2 Nb8d7
11.O-O Ra8c8
12.Nb1c3 Bf8d6
13.Ne2f4 h6
14.Bg5h4 Bd6xf4
15.Qf3xf4 g5
16.Bh4xg5 hxg5
17.Qf4xg5 Rc8xc3
18.bxc3 Qd8c7
19.f4 Qc7xc3
20.Qg5g7 Rh8h4
21.Kg2 Qc3h3
22.Kf2 Nf6e4
23.Ke1 Qh3e3
24.Kd1 Qe3d2
{ resign }
0-1

[Event "Tourn. n8212"]
[Site "www.chess-mail.com"]
[Date "2015.07.20"]
[Round "1"]
[White "Cl3537"]
[Black "Vogue"]
[WhiteElo "1340"]
[BlackElo "1399"]
[Result "0-1"]
[Round "1"]
1.e4 c6
2.Ng1f3 d5
3.d3 dxe4
4.dxe4 Qd8xd1
5.Kxd1 Ng8f6
6.Bf1d3 e6
7.Bc1e3 Nb8d7
8.Nb1c3 Nf6g4
9.Rh1e1 Ng4xe3
10.fxe3 Bf8d6
11.g3 e5
12.a3 Nd7f6
13.b4 Bc8e6
14.Ra1b1 b5
15.h4 O-O
16.Bd3e2 a5
17.bxa5 Ra8xa5
18.Rb1a1 b4
19.Nc3b1 bxa3
20.Nb1c3 Bd6b4
21.Nf3xe5 Bb4xc3
22.Ra1b1 a2
23.Rb1c1 a1Q
24.Ne5xc6 Qa1xc1
25.Kxc1 Ra5a1

0-1

[Event "Tourn. n8278"]
[Site "www.chess-mail.com"]
[Date "2015.07.20"]
[Round "1"]
[White "Panham"]
[Black "Xkafi"]
[WhiteElo "1980"]
[BlackElo "1960"]
[Result "1/2-1/2"]
[Round "1"]
1.d4 c5
2.d5 Ng8f6
3.c4 e6
4.Nb1c3 exd5
5.Nc3xd5 Nf6xd5
6.Qd1xd5 Nb8c6
7.Bc1f4 Qd8f6
8.Qd5e4 Bf8e7
9.Ra1b1 Nc6d4
10.e3 Nd4e6
11.Bf4e5 Qf6g6
12.Qe4xg6 hxg6
13.Ng1f3 f6
14.Be5g3 b6
15.Bf1d3 Bc8b7
16.Bd3xg6 Kf8
17.O-O Bb7xf3
18.gxf3 Ne6g5
19.Kg2 Rh8h6
20.Bg6f5 Kf7
21.Bf5xd7 Ra8d8
22.Rb1d1 Ng5h7
23.Bg3c7 Rd8h8
24.Bd7g4 Rh6g6
25.Kh1 Nh7g5
26.Rd1d7 Ke8
27.Rf1d1 Ng5f7
28.Bg4f5 Rg6h6
29.Bc7f4 g5
30.Bf4g3 Nf7e5
31.Rd7xa7 Ne5xf3
32.Kg2 Nf3h4
33.Bg3xh4 Rh6xh4
34.Ra7a8 Kf7
35.Ra8xh8 Rh4xh8
36.Rd1d7 Rh8h4
37.b3 Ke8
38.Rd7a7 Be7d6
39.h3 Bd6e7
40.Bf5e6 Rh4e4
41.Be6d5 Re4e5
42.Ra7b7 Be7d8
43.Kg3 f5
44.Kf3 Re5e7
45.Ke2 f4
46.Rb7xe7 Bd8xe7
47.exf4 gxf4
48.f3 Be7h4
49.Kd3 Ke7
50.Ke4 Bh4g3
51.h4 Kf6
52.h5 Kg5
53.Bd5f7 Bg3e1
54.Kd5 Kf6
55.Bf7e6 Kg5
56.Be6g4 Be1a5
57.Ke6 Kh6
58.Kf5 Ba5d2
59.a3 Bd2c1
60.Ke5 Kg5
61.Ke4 Bc1xa3
62.h6 Ba3b2
63.h7 Bb2c3
64.Kd5 Kg6
65.Kc6 Kxh7
66.Kxb6 Bc3b4
67.Kc6 Kg6
68.Kd5 { draw }
1/2-1/2

[Event "Tourn. n8207"]
[Site "www.chess-mail.com"]
[Date "2015.07.20"]
[Round "1"]
[White "Farnation"]
[Black "Culiflori"]
[WhiteElo "1050"]
[BlackElo "999"]
[Result "0-1"]
[Round "1"]
1.e4 e5
2.Ng1f3 Nb8c6
3.Bf1c4 Bf8c5
4.O-O Ng8f6
5.Nb1c3 d6
6.Nf3g5 O-O
7.Nc3d5 h6
8.Nd5xf6 Qd8xf6
9.Qd1e2 hxg5
10.Qe2h5 Nc6d4
11.c3 Nd4e6
12.d4 exd4
13.cxd4 Bc5xd4
14.Bc1e3 Bd4xb2
15.Ra1b1 Bb2e5
16.Rb1b5 Ne6f4
17.Qh5g4 Bc8xg4
18.h3 Nf4xh3
19.gxh3 Bg4xh3
20.Rf1d1 Qf6f3
{ resign }
0-1